| 000 | 01652nam a22002297a 4500 | ||
|---|---|---|---|
| 001 | 6673 | ||
| 003 | FISKH | ||
| 005 | 20250520101531.0 | ||
| 008 | 250520b cb ||||| |||| 00| 0 eng d | ||
| 040 |
_aFISKH _bkhr _cFISKH _dFISKH |
||
| 082 | _a510 | ||
| 100 | _aSom Art , Chan | ||
| 245 |
_aកំណែ លំហាត់លីំមីត ថ្នាក់ទី១២ / _cរៀបរៀងដោយ : ចាន់ សំអាត , ត្រួតពិនិត្យដោយ លោក ម៉េន រ៉ាដេត ,លោក អំ ធួន និងលោក ហុឺម បុត្រា |
||
| 260 |
_aភ្នំពេញ : _bបាក់ទូក ថតចំលង , _c២១០២ . |
||
| 300 |
_a148 pages : _billustrations ; _c15 cm . |
||
| 520 | _aសៀវភៅ កំណែលំហាត់លីមីត ថ្នាក់ទី១២នេះជាជំនួយដល់សិស្សសម្រាប់ត្រៀមប្រឡង សិស្សពូកែ អាហារុបករណ៏ ប្រលងចូលសាលាពេទ្យ និងប្រឡងចូលវិទ្យាស្ថានជាតិអប់រំ ។ | ||
| 520 | _aThis book of limit exercise solutions for Grade 12 serves as a helpful resource for students preparing for outstanding student competitions, scholarship exams, medical school entrance exams, and the National Institute of Education entrance exam." | ||
| 650 |
_aលីមីត _vគណិតវិទ្យា ថ្នាក់ទី១២ |
||
| 650 |
_aលីមីត _vMathematic grade 12 |
||
| 942 |
_2ddc _cKHB _n0 |
||
| 999 |
_c6673 _d6673 |
||